[Event "AUTO-ADV-1884"]
[Site "http://www.queenalice.com/game.php?id=825477"]
[Date "2010.8.30"]
[Round "1"]
[White "Zell49"]
[Black "agsantos"]
[Result "1-0"]
[WhiteElo "2027"]
[BlackElo "1655"]

1. e4 e5 2. Nf3 d6 3. d4 Be7 4. dxe5 Bg4 5. exd6 cxd6 6. Be2 Nf6 7. Nc3 O-O 8.
Nd5 Nxe4 9. O-O Nc6 10. Nxe7+ Nxe7 11. Bf4 Qb6 12. Rb1 Nf5 13. h3 Nfg3 14. Bxg3
Nxg3 15. Kh2 Nxf1+ 16. Qxf1 Bxf3 17. Bxf3 f5 18. Qd3 Rad8 19. Kg1 g6 20. Qd5+
Rf7 21. b3 Qc7 22. c4 b6 23. Qe6 Rf8 24. Rd1 Qe7 25. Bd5 Kg7 26. g3 Qxe6 27.
Bxe6 Rf6 28. Rxd6 R8f7 29. Bxf7 Rxd6 30. Bd5 h5 31. f4 Kf6 32. Kf2 a6 33. Ke3 b5
34. Kd4 bxc4 35. bxc4 a5 36. c5 Rd8 37. c6 Rc8 38. Kc5 Ke7 39. a4 Kd8 40. Bf7
Kc7 41. Bxg6 Rg8 42. Bxf5 Rxg3 43. Bd7 Rf3 44. Kb5 Rxf4 45. Kxa5 Rd4 46. Kb5 h4
47. a5 Rd3 48. a6 Rxh3 49. Bxh3 1-0

[Event "AUTO-ADV-1884"]
[Site "http://www.queenalice.com/game.php?id=854544"]
[Date "2010.11.4"]
[Round "2"]
[White "colombHouse"]
[Black "Zell49"]
[Result "1-0"]
[WhiteElo "2180"]
[BlackElo "2029"]

1. d4 d5 2. Bf4 Nc6 3. e3 Bf5 4. Bd3 Bg6 5. Nf3 e6 6. O-O Bd6 7. Bxd6 cxd6 8.
Bxg6 fxg6 9. c4 dxc4 10. d5 Ne5 11. dxe6 Qf6 12. Qa4+ Ke7 13. Nxe5 Qxe5 14. Qd7+
Kf6 15. Qf7+ Kg5 16. f4+ 1-0

[Event "AUTO-ADV-1884"]
[Site "http://www.queenalice.com/game.php?id=854545"]
[Date "2010.11.4"]
[Round "2"]
[White "Zell49"]
[Black "colombHouse"]
[Result "0-1"]
[WhiteElo "1984"]
[BlackElo "2222"]

1. e4 e5 2. Nf3 Nc6 3. Bb5 Nf6 4. O-O Bc5 5. Bxc6 dxc6 6. c3 O-O 7. Nxe5 Nxe4 8.
d4 Bd6 9. Bf4 Qf6 10. Nd2 Qxf4 11. Nxe4 Qxe4 12. Re1 Qf5 13. Re3 Be6 14. Rf3 Qh5
15. Rg3 Qxd1+ 16. Rxd1 f6 17. Nf3 Bxg3 18. hxg3 Bxa2 19. Nh4 Rfe8 20. Rd2 Re1+
21. Kh2 Rae8 22. b4 R8e2 23. Rxe2 Rxe2 24. f3 Rc2 25. Nf5 Be6 26. Ne3 Rxc3 27.
Nd1 Rd3 28. Nf2 Rxd4 29. g4 Kf7 30. Kg3 b5 31. Nh3 Rxb4 32. Nf4 a5 33. Nxe6 Kxe6
0-1

[Event "AUTO-ADV-1884"]
[Site "http://www.queenalice.com/game.php?id=854548"]
[Date "2010.11.4"]
[Round "2"]
[White "Zell49"]
[Black "farnoud13"]
[Result "0-1"]
[WhiteElo "2019"]
[BlackElo "1959"]

1. e4 e6 2. d4 d5 3. Nc3 Nf6 4. e5 Nfd7 5. Nf3 c5 6. dxc5 Bxc5 7. Bd3 Nc6 8. O-O
Ncxe5 9. Re1 Nxf3+ 10. Qxf3 O-O 11. Qh3 g6 12. Bh6 Re8 13. Na4 Bf8 14. Re3 Bxh6
15. Qxh6 Qf6 16. Rh3 Qg7 17. Re1 Qxh6 18. Rxh6 Nf6 19. Nc3 a6 20. Rh4 b5 21. Rf4
Nh5 22. Rh4 Bb7 23. Re5 Ng7 24. f4 Rac8 25. a3 Re7 26. g4 Rec7 27. f5 f6 28. Re1
e5 29. fxg6 e4 30. gxh7+ Kh8 31. Bf1 Ne6 32. Bh3 Ng5 33. Bg2 Nxh7 34. Rh6 Kg7
35. Rh5 Ng5 36. h4 Nf3+ 37. Bxf3 exf3 38. Nxd5 Bxd5 39. Rxd5 Rxc2 40. Rf5 Rxb2
41. Rxf3 Rcc2 42. Rg3 a5 43. Re7+ Kg6 44. Re1 b4 45. axb4 axb4 46. Rf1 b3 47.
h5+ Kg5 48. h6 Kxh6 49. Rxf6+ Kg5 50. Rf5+ Kh4 51. Rgf3 Rb1+ 52. Rf1 Rxf1+ 53.
Kxf1 b2 54. Rh5+ Kxg4 55. Rb5 Rc1+ 56. Kg2 b1=Q 57. Rxb1 Rxb1 58. Kf2 Rb3 0-1

[Event "AUTO-ADV-1884"]
[Site "http://www.queenalice.com/game.php?id=854549"]
[Date "2010.11.4"]
[Round "2"]
[White "farnoud13"]
[Black "Zell49"]
[Result "1-0"]
[WhiteElo "1977"]
[BlackElo "2001"]

1. d4 Nf6 2. Nf3 d5 3. Bf4 Nc6 4. c3 Bf5 5. e3 e6 6. Qb3 Rb8 7. Ne5 Nxe5 8. dxe5
Nh5 9. Bg3 Nxg3 10. hxg3 Qg5 11. Nd2 h5 12. Nf3 Qg4 13. Be2 Qe4 14. Rc1 Bg4 15.
Rh4 Qf5 16. Nd4 Qxe5 17. Bxg4 Be7 18. Rh1 Kd7 19. Be2 h4 20. gxh4 a6 21. h5 c5
22. Nf3 Qf6 23. Rd1 Bd6 24. Qa4+ Kc7 25. Qh4 Qxh4 26. Rxh4 Be7 27. Rh3 c4 28.
Nd4 b5 29. a3 Rh6 30. Nf5 exf5 31. Rxd5 g6 32. g4 fxg4 33. Bxg4 gxh5 34. Rd7+
Kc6 35. Rxe7 Rf8 36. Rxh5 Rxh5 37. Bxh5 f5 38. Bf3+ Kb6 39. Rb7+ Ka5 40. Rd7 Ka4
41. Bd1+ Ka5 42. Kd2 Kb6 43. Bf3 f4 44. Rd6+ Ka7 45. e4 a5 46. e5 b4 47. e6 bxa3
48. bxa3 Re8 49. Bd5 Kb8 50. Rd7 a4 51. Bxc4 f3 52. e7 Kc8 53. Bb5 Rg8 54. Ra7
Kb8 55. Rxa4 Kb7 56. e8=Q Rxe8 57. Bxe8 Kb6 58. Rc4 Ka5 59. Rb4 Ka6 60. Kd3 Ka5
61. Kc4 Ka6 62. Kc5 1-0

[Event "AUTO-OPEN-1863"]
[Site "http://www.queenalice.com/game.php?id=868083"]
[Date "2010.12.5"]
[Round "3"]
[White "Zell49"]
[Black "animis"]
[Result "0-1"]
[WhiteElo "1991"]
[BlackElo "1894"]

1. e4 e5 2. d4 exd4 3. Nf3 Nc6 4. Nxd4 Nf6 5. Nxc6 bxc6 6. Bd3 Bc5 7. O-O d6 8.
a3 O-O 9. b4 Bb6 10. a4 a5 11. c3 Re8 12. Bg5 h6 13. Bh4 g5 14. Bg3 Nxe4 15.
Bxe4 Rxe4 16. Nd2 Re8 17. Nc4 axb4 18. cxb4 Ba7 19. Na5 Qd7 20. Rc1 c5 21. bxc5
Bxc5 22. Nb3 Ba3 23. Rc3 Rxa4 24. Nd4 Kg7 25. Qd3 Bc5 26. Nb3 Bb6 27. Rd1 Ba6
28. Qd5 Rae4 29. h3 Qa4 30. Kh2 Bc4 31. Rxc4 Qxc4 32. Qxc4 Rxc4 33. Ra1 Re2 34.
Rb1 Bxf2 35. Bxf2 Rxf2 36. Kg3 Rcc2 37. Rg1 f5 38. Nd4 f4+ 39. Kh2 Rc4 40. Nf5+
Kg6 41. Ne7+ Kf7 42. Nc8 Rd4 43. Na7 f3 44. Kg3 Ra2 45. Nb5 Rc4 46. gxf3 h5 47.
h4 Rxh4 48. Nc3 Rc2 49. Ne4 Rxe4 50. fxe4 Rc3+ 51. Kf2 Kf6 52. Rd1 h4 53. Rd5 g4
54. Rd2 Ke5 55. Re2 Rf3+ 56. Kg2 Kf4 57. Kh2 h3 58. Re1 Rf2+ 59. Kh1 g3 60. Kg1
Kf3 61. e5 dxe5 62. Rxe5 h2+ 0-1

[Event "AUTO-OPEN-1863"]
[Site "http://www.queenalice.com/game.php?id=868084"]
[Date "2010.12.5"]
[Round "3"]
[White "animis"]
[Black "Zell49"]
[Result "0-1"]
[WhiteElo "1907"]
[BlackElo "1978"]

1. e4 e5 2. Nf3 Nc6 3. Bb5 Bc5 4. c3 a6 5. Ba4 Nf6 6. d4 exd4 7. cxd4 Ba7 8. d5
Ne7 9. Nc3 b5 10. Bc2 d6 11. O-O O-O 12. Bg5 Bg4 13. Qd3 Ng6 14. Nh4 Nxh4 15.
Bxh4 g6 16. h3 Bd7 17. Qf3 Kg7 18. Ne2 Re8 19. Ng3 Bd4 20. Rab1 Qe7 21. Rfe1 c6
22. Ne2 Be5 23. Qd3 cxd5 24. exd5 Bf5 25. Qb3 Bxc2 26. Qxc2 Rac8 27. Qb3 Rc4 28.
Rbd1 Rxh4 29. f4 Bxf4 30. Nxf4 Ne4 31. g3 Qa7+ 32. Qe3 Qxe3+ 33. Rxe3 Rh6 34.
Rd4 f5 35. Ne6+ Kf6 36. Kg2 g5 37. Nc7 Rc8 38. Nxa6 Rc2+ 39. Kf1 Rxh3 40. Kg1
Rxb2 41. Nb4 Rxg3+ 42. Rxg3 Nxg3 0-1

[Event "AUTO-OPEN-1863"]
[Site "http://www.queenalice.com/game.php?id=868085"]
[Date "2010.12.5"]
[Round "3"]
[White "Zell49"]
[Black "phystutordotcom"]
[Result "0-1"]
[WhiteElo "1971"]
[BlackElo "2130"]

1. e4 d6 2. d4 Nf6 3. Nc3 e5 4. dxe5 dxe5 5. Qxd8+ Kxd8 6. Bg5 Bd6 7. O-O-O Nd7
8. Nd5 Ke8 9. Nf3 Nxe4 10. Be3 f5 11. Bd3 Ndc5 12. Rhf1 c6 13. Nc3 Nxc3 14. bxc3
Na4 15. Bd2 e4 16. Rfe1 Kf8 17. Bxe4 fxe4 18. Rxe4 Nc5 19. Rd4 Bc7 20. Bf4 Bxf4+
21. Rxf4+ Ke7 22. Ng5 Rf8 23. Re1+ Be6 24. Nxe6 Nxe6 25. Rfe4 Rf6 26. f4 Kf7 27.
f5 Nc5 28. Re7+ Kf8 29. g4 Rf7 30. R7e5 Na6 31. h4 Nc7 32. Kb2 Re8 33. Kb3 Rxe5
34. Rxe5 Re7 35. Ra5 Na6 36. Ra4 Nc5+ 0-1

[Event "AUTO-OPEN-1863"]
[Site "http://www.queenalice.com/game.php?id=868086"]
[Date "2010.12.5"]
[Round "3"]
[White "phystutordotcom"]
[Black "Zell49"]
[Result "1-0"]
[WhiteElo "2152"]
[BlackElo "1961"]

1. Nf3 d5 2. d3 c5 3. Nbd2 Nc6 4. e4 dxe4 5. dxe4 Bg4 6. g3 Nf6 7. Bg2 Nd4 8.
O-O Nxf3+ 9. Bxf3 Bh3 10. Bg2 Bxg2 11. Kxg2 e5 12. Qe2 Bd6 13. Nc4 Qc7 14. Nxd6+
Qxd6 15. Bg5 O-O 16. Rfd1 Qe6 17. Bxf6 Qxf6 18. Rd7 b6 19. Rad1 Rfd8 20. Qf3
Rxd7 21. Qxf6 gxf6 22. Rxd7 Kf8 23. Kf3 Ke8 24. Rd5 Ke7 25. Kg4 Rg8+ 26. Kf3 Ke6
27. c4 h5 28. h4 f5 29. exf5+ Kxf5 30. Rd7 e4+ 31. Ke3 Ke6 32. Rxa7 f5 33. Rb7
Ke5 34. Rxb6 Rd8 35. Rb3 Rd4 36. Rc3 Rd1 37. a4 Re1+ 38. Kd2 Rf1 39. Ke2 Rb1 40.
Rb3 Kd4 41. Rb5 Kxc4 42. Kd2 Ra1 43. b3+ Kd4 44. a5 Ra2+ 45. Ke1 Kd3 46. Kf1 e3
47. fxe3 Kxe3 48. Rxc5 Ra1+ 49. Kg2 Ra2+ 50. Kh3 Ke4 51. b4 Ra3 52. Rc4+ Kd5 53.
Rf4 Ke5 54. Kg2 Rb3 55. a6 Rb2+ 56. Rf2 Rxb4 57. Ra2 Rb8 58. a7 Ra8 59. Kf3 Kf6
60. Kf4 Ke6 61. Ra5 Kf6 62. Ra6+ Kg7 63. Kxf5 Kh7 64. Kg5 Kh8 65. Kg6 Kg8 66.
Rb6 Rxa7 67. Rb8# 1-0

[Event "AUTO-ADV-2118"]
[Site "http://www.queenalice.com/game.php?id=922136"]
[Date "2011.4.5"]
[Round "1"]
[White "DORLISS"]
[Black "Zell49"]
[Result "0-1"]
[WhiteElo "1943"]
[BlackElo "1972"]

1. e4 c5 2. Nf3 Nc6 3. d4 cxd4 4. Nxd4 g6 5. Nc3 Bg7 6. Be3 d6 7. f3 Nf6 8. Qd2
O-O 9. Bc4 a6 10. O-O-O Nxd4 11. Bxd4 b5 12. Bb3 Bb7 13. g4 Rc8 14. h4 b4 15.
Ne2 a5 16. h5 gxh5 17. gxh5 e5 18. Be3 Ne8 19. h6 Bf6 20. Ng3 Kh8 21. Nf5 Ra8
22. Nxd6 Nxd6 23. Qxd6 Qxd6 24. Rxd6 Bd8 25. Rg1 Rc8 26. Rd7 Ba6 27. Rxf7 Rxf7
28. Bxf7 Bf6 29. Bg5 Bxg5+ 30. Rxg5 Bd3 31. Bb3 Be2 32. Rxe5 Bxf3 33. Re7 Rd8
34. c4 bxc3 35. bxc3 Bh5 36. e5 a4 37. Bxa4 Kg8 38. Rg7+ Kh8 39. e6 Ra8 40. Bb3
Re8 41. Ba4 Rc8 42. e7 Rxc3+ 43. Kb2 Rc8 44. Rg5 Bg6 45. Rd5 Rb8+ 46. Ka3 Rg8
47. Rd8 Bf7 48. Bb3 Bxb3 49. Rxg8+ Bxg8 50. e8=N Be6 51. Ng7 Bd5 52. Kb2 Kg8 53.
a4 Kf7 54. Nf5 Ba8 55. Kb3 Kg6 56. Ng3 Kxh6 57. a5 Kg6 58. Kb4 h5 59. Kb5 h4 60.
Nf1 h3 61. a6 Bg2 62. Nh2 Kg5 63. a7 Kh4 64. Kb6 Ba8 65. Kc7 Kg3 66. Kb8 Be4 67.
a8=Q Bxa8 68. Nf1+ Kg2 69. Ne3+ Kf2 70. Ng4+ Kg3 71. Ne3 Bg2 72. Nf5+ Kf4 73.
Nh4 h2 74. Nxg2+ Kg3 75. Ne3 h1=Q 0-1

[Event "AUTO-ADV-2118"]
[Site "http://www.queenalice.com/game.php?id=922137"]
[Date "2011.4.5"]
[Round "1"]
[White "Zell49"]
[Black "DORLISS"]
[Result "1-0"]
[WhiteElo "1950"]
[BlackElo "1895"]

1. e4 e5 2. Nf3 Nc6 3. Bb5 a6 4. Bxc6 bxc6 5. O-O Nf6 6. Nxe5 Qe7 7. d4 Bb7 8.
Nc3 d6 9. Ng4 g6 10. e5 dxe5 11. Nxf6+ Qxf6 12. dxe5 Qe6 13. Bg5 Bg7 14. Bf6 O-O
15. Bxg7 Kxg7 16. f4 Rad8 17. Qe2 c5 18. Rad1 Qf5 19. g4 Qe6 20. h4 Qc6 21. Rxd8
Qh1+ 22. Kf2 Qg2+ 23. Ke1 Qg3+ 24. Qf2 Qxf2+ 25. Rxf2 Rxd8 26. Rd2 Rd4 27. Rxd4
cxd4 28. Ne2 Bf3 29. g5 c5 30. Nc1 c4 31. a3 h6 32. b3 hxg5 33. hxg5 Bd5 34. Kd2
Kf8 35. bxc4 Bxc4 36. Nb3 d3 37. Nc5 dxc2 38. Kxc2 Ke7 39. Kc3 Bf1 40. Kb4 Be2
41. Ka5 Bf1 42. Nxa6 Bxa6 43. Kxa6 Ke6 44. Kb6 Kf5 45. a4 Kxf4 46. a5 Kxe5 47.
a6 Kf5 48. a7 Kxg5 49. a8=Q f5 50. Qf3 Kh4 51. Kc5 Kg5 52. Kd5 Kf6 53. Qh3 g5
54. Qh6+ 1-0

[Event "AUTO-ADV-2118"]
[Site "http://www.queenalice.com/game.php?id=922156"]
[Date "2011.4.5"]
[Round "1"]
[White "Zell49"]
[Black "maurice91"]
[Result "0-1"]
[WhiteElo "1953"]
[BlackElo "1850"]

1. e4 e5 2. Nf3 Nc6 3. Bb5 f5 4. exf5 e4 5. Bxc6 dxc6 6. Qe2 Bxf5 7. Nh4 Qxh4 8.
d3 Nf6 9. Nc3 Bb4 10. Bd2 O-O-O 11. Nxe4 Bxd2+ 12. Nxd2 Rhe8 13. Ne4 Bxe4 14.
O-O Bxg2 15. Qd2 Bxf1 16. Rxf1 Ng4 17. f3 Ne3 18. Rf2 Qg5+ 19. Kh1 Nc4 20. Qd1
Nxb2 21. Qg1 Qxg1+ 22. Kxg1 Re1+ 23. Kg2 Na4 24. f4 Nc5 25. f5 Rf8 26. h4 h6 27.
h5 Rf6 28. Kg3 Re3+ 29. Kg4 Nd7 30. a4 Ne5+ 31. Kf4 Re1 32. d4 Nf7 33. Rf3 Ng5
34. Kg4 Re4+ 35. Rf4 Rxf4+ 36. Kxf4 Ne6+ 37. Ke5 Ng5 38. c4 Kd7 39. d5 Nf7+ 40.
Kf4 cxd5 0-1

[Event "AUTO-ADV-2118"]
[Site "http://www.queenalice.com/game.php?id=922157"]
[Date "2011.4.5"]
[Round "1"]
[White "maurice91"]
[Black "Zell49"]
[Result "0-1"]
[WhiteElo "1773"]
[BlackElo "1964"]

1. d4 e6 2. c4 Nf6 3. Nc3 Be7 4. e4 O-O 5. Be2 b6 6. Be3 Bb4 7. Qc2 Bb7 8. d5
exd5 9. cxd5 Re8 10. Bf3 d6 11. Ne2 Nbd7 12. O-O Bc5 13. Bg5 Ne5 14. Ng3 Nxf3+
15. gxf3 h6 16. Bxf6 Qxf6 17. Kg2 Ba6 18. Rfe1 Qg5 19. Rg1 h5 20. Kh1 Qf4 21.
Qd1 Re5 22. Nf5 Rxf5 23. exf5 Qxf5 24. Ne4 Bxf2 25. Rg2 Be3 26. Qe1 Qxf3 27. Nc3
g6 28. Nd1 Bh6 29. Qf2 Qxf2 30. Rxf2 Bb7 31. Nc3 a6 32. Raf1 Rf8 33. h3 Bg7 34.
Rd1 b5 35. Ne2 Bxb2 36. Ng1 Kg7 37. Rxb2 c5 38. Kh2 Re8 39. Nf3 Re3 40. Kg2 c4
41. Rc2 Bc8 42. Ng5 h4 43. Rf2 Rg3+ 44. Kh2 Rxg5 45. Rf4 Rh5 46. Rdf1 Bf5 47.
R1f2 Kf6 48. Re2 g5 49. Rff2 Rh8 50. Re3 Kg6 51. Ref3 Be4 52. Rxf7 Bxd5 53.
R7f6+ Kh5 54. Rxd6 Be4 55. Rxa6 Bd3 56. Rd2 Rd8 57. Ra7 Rd5 58. a3 c3 59. Rd1 c2
60. Rc1 Be4 61. a4 Rd2+ 62. Kg1 Rd1+ 63. Rxd1 cxd1=Q+ 0-1

[Event "AUTO-ADV-2118"]
[Site "http://www.queenalice.com/game.php?id=953766"]
[Date "2011.6.25"]
[Round "2"]
[White "Zell49"]
[Black "paulove"]
[Result "1-0"]
[WhiteElo "1955"]
[BlackElo "1945"]

1. e4 e5 2. Nf3 d6 3. Bc4 h6 4. d4 exd4 5. Nxd4 Nc6 6. Nxc6 bxc6 7. Qf3 Qf6 8.
Qc3 Qxc3+ 9. Nxc3 Nf6 10. O-O Be6 11. Bd3 Nd7 12. Be3 Nb6 13. f4 Be7 14. f5 Bc4
15. Bd4 Bxd3 16. cxd3 f6 17. b3 c5 18. Be3 c6 19. a3 O-O 20. a4 Nd7 21. d4 cxd4
22. Bxd4 c5 23. Be3 Rab8 24. Rab1 Rb7 25. Rfd1 Rfb8 26. Nd5 Ne5 27. Nxe7+ Rxe7
28. Rxd6 c4 29. b4 Ng4 30. Bc5 Rxe4 31. h3 Ne3 32. Bxa7 Ra8 33. Bxe3 Rxe3 34.
Kf2 Ra3 35. a5 c3 36. Rc6 Ra2+ 37. Ke3 c2 38. Rc1 Rb2 39. Rc4 Rb8 40. R1xc2
R8xb4 41. Rxb4 Rxb4 42. Ra2 Rb7 43. Ra3 Kf7 44. Kd4 Ke7 45. a6 Ra7 46. Kc5 Kd7
47. Kb6 Rxa6+ 48. Rxa6 Kd6 49. Ra5 1-0

[Event "AUTO-ADV-2118"]
[Site "http://www.queenalice.com/game.php?id=953767"]
[Date "2011.6.25"]
[Round "2"]
[White "paulove"]
[Black "Zell49"]
[Result "1-0"]
[WhiteElo "1925"]
[BlackElo "1973"]

1. e4 e5 2. Nf3 Nc6 3. Bc4 d6 4. h3 Be6 5. Bxe6 fxe6 6. d3 h6 7. Be3 Nf6 8. Nc3
a6 9. a3 d5 10. exd5 exd5 11. Bd2 Qd7 12. O-O Bd6 13. Ne2 O-O-O 14. Bc3 d4 15.
Bd2 e4 16. dxe4 Rhe8 17. Nfxd4 Nxe4 18. Be3 Be5 19. c3 g5 20. Qd3 Bd6 21. Rad1
Nxd4 22. Nxd4 Qf7 23. Qc2 Qf6 24. Nf3 h5 25. Rd4 g4 26. Nd2 Nxd2 27. Qxd2 gxh3
28. Bg5 Qg7 29. f4 hxg2 30. Qxg2 Rd7 31. Kh1 Rg8 32. Qh3 Kb8 33. Rg1 Qf7 34. Qd3
Rg7 35. Rd1 Qf5 36. Qxf5 1-0

[Event "AUTO-ADV-2118"]
[Site "http://www.queenalice.com/game.php?id=953768"]
[Date "2011.6.25"]
[Round "2"]
[White "Zell49"]
[Black "rpalmero"]
[Result "0-1"]
[WhiteElo "1971"]
[BlackElo "1954"]

1. e4 c5 2. Nf3 e6 3. d4 cxd4 4. Nxd4 a6 5. Nc3 Qc7 6. Bd3 Nc6 7. Nxc6 bxc6 8.
O-O Nf6 9. Qf3 d5 10. exd5 cxd5 11. Re1 Bb7 12. Bg5 Be7 13. h3 d4 14. Ne4 Nxe4
15. Bxe4 Bxe4 16. Qxe4 Rd8 17. Bxe7 Kxe7 18. Rad1 Qb6 19. b3 Rd5 20. c4 Rd7 21.
Rd3 h6 22. f4 Rhd8 23. f5 Rd6 24. Rc1 Qc5 25. fxe6 Rxe6 26. Qh4+ Ke8 27. Rcd1
Red6 28. Re1+ Re6 29. Red1 Red6 30. Qg4 Kf8 31. Kh1 Rg6 32. Qe4 Re6 33. Qh4 Red6
34. Re1 Qf5 35. Qe7+ Kg8 36. Rf3 Qg6 37. Ref1 d3 38. Rd1 d2 39. Rf2 Qh5 40. Qe2
Qxe2 41. Rxe2 Kf8 42. Kg1 f5 43. Kf2 f4 44. g3 fxg3+ 45. Kxg3 Rd3+ 46. Kg2 Kf7
47. h4 R8d4 48. Rf2+ Ke6 49. Kf1 g5 50. Ke2 gxh4 51. Rf3 Rxf3 52. Kxf3 h5 53.
Ke3 Ke5 54. c5 Rd8 55. Ke2 h3 56. Kf2 h4 57. Kg1 Kf4 58. Kh2 Ke3 59. c6 Rc8 60.
Kxh3 Rxc6 61. Kxh4 Rc1 62. Rxd2 Kxd2 63. Kg3 Ra1 0-1

[Event "AUTO-ADV-2118"]
[Site "http://www.queenalice.com/game.php?id=953769"]
[Date "2011.6.25"]
[Round "2"]
[White "rpalmero"]
[Black "Zell49"]
[Result "1-0"]
[WhiteElo "2026"]
[BlackElo "1987"]

1. d4 d5 2. c4 dxc4 3. e4 e6 4. Bxc4 Nf6 5. Nc3 Bd7 6. Nf3 Bb4 7. Qc2 Bc6 8. Bg5
h6 9. Bxf6 Qxf6 10. O-O Nd7 11. a3 Ba5 12. b4 Bb6 13. d5 Ne5 14. Nxe5 Qxe5 15.
dxc6 Bd4 16. Rac1 O-O 17. cxb7 Rab8 18. Ne2 Rxb7 19. Nxd4 Qxd4 20. Rfd1 Qe5 21.
Rd7 Rfb8 22. h3 a5 23. b5 Rb6 24. a4 c6 25. Be2 cxb5 26. Bxb5 Rxb5 27. axb5 Qxb5
28. Ra7 1-0

[Event "AUTO-OPEN-2575"]
[Site "http://www.queenalice.com/game.php?id=1019965"]
[Date "2012.1.30"]
[Round "1"]
[White "Zell49"]
[Black "Googleplex"]
[Result "1-0"]
[WhiteElo "1954"]
[BlackElo "1819"]

1. e4 c5 2. Nf3 Nc6 3. Bc4 e6 4. O-O a6 5. d4 cxd4 6. Nxd4 Nf6 7. Nc3 Qc7 8.
Nxc6 bxc6 9. Be3 d5 10. exd5 cxd5 11. Bb3 Bd6 12. h3 1-0

[Event "AUTO-OPEN-2575"]
[Site "http://www.queenalice.com/game.php?id=1019966"]
[Date "2012.1.30"]
[Round "1"]
[White "Googleplex"]
[Black "Zell49"]
[Result "0-1"]
[WhiteElo "1808"]
[BlackElo "1965"]

1. e4 e5 2. Nf3 Nc6 3. Nc3 Nf6 4. d4 exd4 5. Nxd4 Nxd4 6. Qxd4 b6 7. e5 Bc5 8.
Qf4 Qe7 9. Be2 Ng8 10. Nd5 Qd8 11. e6 dxe6 0-1

[Event "AUTO-OPEN-2575"]
[Site "http://www.queenalice.com/game.php?id=1019967"]
[Date "2012.1.30"]
[Round "1"]
[White "Zell49"]
[Black "marolideus"]
[Result "0-1"]
[WhiteElo "1981"]
[BlackElo "2223"]

1. e4 c5 2. Nf3 d6 3. Bc4 Nc6 4. O-O Nf6 5. Nc3 e6 6. Re1 Qb6 7. d3 Be7 8. a3
O-O 9. Bd2 a6 10. Rb1 Qc7 11. Bf4 b5 12. Ba2 h6 13. e5 dxe5 14. Nxe5 Bd6 15. Qf3
Bb7 16. Qg3 Nh5 17. Qg4 Nxf4 18. Qxf4 Bxe5 19. Qg4 Bxh2+ 20. Kh1 Nd4 21. Ne4 f5
22. Qh3 fxe4 23. Qxh2 Qxh2+ 24. Kxh2 Nxc2 25. Re2 Nd4 26. Rd2 exd3 27. f3 Bxf3
28. Bxe6+ Nxe6 29. gxf3 Rxf3 30. b4 c4 31. Rc1 Nf4 32. a4 Re8 33. axb5 axb5 34.
Kh1 Re2 35. Rxe2 dxe2 36. Kh2 Rf1 37. Ra1 Rxa1 38. Kg3 e1=Q+ 39. Kxf4 Qe2 40.
Kf5 Rf1+ 41. Kg6 Qg4# 0-1

[Event "AUTO-OPEN-2575"]
[Site "http://www.queenalice.com/game.php?id=1019968"]
[Date "2012.1.30"]
[Round "1"]
[White "marolideus"]
[Black "Zell49"]
[Result "1-0"]
[WhiteElo "2184"]
[BlackElo "1975"]

1. e4 e5 2. Nf3 Nc6 3. Bc4 h6 4. d4 exd4 5. Nxd4 Qf6 6. Nb5 Qe5 7. N1c3 a6 8. f4
Qc5 9. Nxc7+ Kd8 10. Nxa8 Qxc4 11. Nb6 Qd4 12. Qxd4 Nxd4 13. Kd1 Nf6 14. Be3 Nc6
15. a3 Ng4 16. Bg1 d6 17. h3 Nf6 18. Ke2 Nd7 19. Rd1 Nxb6 20. Bxb6+ Ke7 21. Bc7
Kd7 22. Bxd6 Bxd6 23. e5 Re8 24. Rxd6+ Kc7 25. Nd5+ Kb8 26. Kf2 Be6 27. Rd1 Bxd5
28. R6xd5 Re7 29. Rd7 Kc8 30. Rxe7 Nxe7 31. Kf3 Kc7 32. Ke4 Kc6 33. f5 b5 34.
Rd8 Kc7 35. Rf8 1-0

[Event "AUTO-OPEN-2575"]
[Site "http://www.queenalice.com/game.php?id=1019969"]
[Date "2012.1.30"]
[Round "1"]
[White "Zell49"]
[Black "favazza2007"]
[Result "0-1"]
[WhiteElo "1975"]
[BlackElo "1853"]

1. e4 c5 2. Nf3 Nc6 3. Bc4 e6 4. O-O Be7 5. c3 Nf6 6. d3 d5 7. exd5 exd5 8. Bb3
Bg4 9. Bf4 O-O 10. h3 Bxf3 11. Qxf3 b5 12. Bg5 h6 13. Bxf6 Bxf6 14. Qxd5 Qxd5
15. Bxd5 Rac8 16. Nd2 Ne7 17. Ne4 Nxd5 18. Nd6 Rb8 19. Rab1 Rb6 20. Ne4 Rc6 21.
Nxf6+ Nxf6 22. Rbe1 Re6 23. Re3 Rxe3 24. fxe3 Nd5 25. e4 Nc7 26. Rf5 Ne6 27. Kf2
g6 28. Re5 a6 29. Ke3 Rc8 30. Rd5 Rd8 31. Rxd8+ Nxd8 32. b3 Ne6 33. d4 cxd4+ 34.
cxd4 Kf8 35. d5 Nd8 36. Kd4 Nb7 37. e5 Ke7 38. g4 f6 39. d6+ Ke6 40. h4 fxe5+
0-1

[Event "AUTO-OPEN-2575"]
[Site "http://www.queenalice.com/game.php?id=1019970"]
[Date "2012.1.30"]
[Round "1"]
[White "favazza2007"]
[Black "Zell49"]
[Result "0-1"]
[WhiteElo "1928"]
[BlackElo "1967"]

1. f4 b6 2. Nf3 Bb7 3. Nc3 Nc6 4. e4 e6 5. Be2 Bb4 6. O-O Nf6 7. d3 O-O 8. a3
Be7 9. Be3 d5 10. exd5 exd5 11. Nd4 Nxd4 12. Bxd4 c5 13. Be5 d4 14. Bxf6 Bxf6
15. Bf3 Bxf3 16. Qxf3 dxc3 17. b3 Qd4+ 18. Kh1 Rfe8 19. Rae1 Kf8 20. Re4 Rxe4
21. Qxe4 Re8 22. Qxd4 Bxd4 23. h3 Re2 24. Kh2 Rxc2 25. b4 Rd2 26. Kg3 Rxd3+ 27.
Rf3 Rxf3+ 28. Kxf3 c2 29. g4 c1=Q 30. Ke4 Qh1+ 31. Kf5 Qd5# 0-1